Alle Staatsoberhäupter der Welt - Statistiken

Allgemein
  • Dieses Quiz wurde 49 mal gespielt
  • Das Durchschnittsergebnis liegt bei 36 aus 182
Antwortstatistiken
Bildquiz Antwort % Korrekt
Deutschland
98%
Ukraine
98%
Vereinigte Staaten
98%
Russland
95%
Vatikanstadt
95%
Frankreich, Andorra
93%
Türkei
88%
China
85%
Vereinigtes Königreich + 14 weitere Länder
85%
Belarus
76%
Saudi-Arabien
73%
Nordkorea
66%
Brasilien
54%
Iran
54%
Monaco
51%
Spanien
51%
Afghanistan
46%
Venezuela
44%
Argentinien
41%
Bahrain
41%
Niederlande
41%
Österreich
41%
Schweden
41%
Thailand
41%
Dänemark
39%
Südkorea
39%
Syrien
39%
Tadschikistan
39%
Kuwait
37%
Norwegen
37%
Kasachstan
34%
Andorra
32%
El Salvador
32%
Japan
32%
Bhutan
29%
Vereinigte Arabische Emirate
29%
Ägypten
27%
Polen
27%
Samoa
27%
Schweiz
27%
Serbien
27%
Aserbaidschan
24%
Belgien
24%
Burkina Faso
24%
Irak
24%
Mexiko
24%
Ruanda
24%
Slowakei
24%
Tschechien
24%
Finnland
22%
Guyana
22%
Irland
22%
Brunei
20%
Indien
20%
Israel
20%
Burundi
17%
Guinea
17%
Indonesien
17%
Island
17%
Jordanien
17%
Kambodscha
17%
Liechtenstein
17%
Mongolei
17%
Namibia
17%
Niger
17%
Nigeria
17%
Portugal
17%
Südafrika
17%
Taiwan
17%
Vietnam
17%
Äquatorialguinea
15%
Gambia
15%
Italien
15%
Kamerun
15%
Laos
15%
Liberia
15%
Luxemburg
15%
Moldau
15%
Nordmazedonien
15%
Oman
15%
Simbabwe
15%
Südsudan
15%
Uganda
15%
Bangladesch
12%
Barbados
12%
Chile
12%
Demokratische Republik Kongo
12%
Eswatini
12%
Kiribati
12%
Litauen
12%
Montenegro
12%
Nepal
12%
Nicaragua
12%
Seychellen
12%
Sri Lanka
12%
Sudan
12%
Suriname
12%
Tansania
12%
Turkmenistan
12%
Usbekistan
12%
Algerien
10%
Angola
10%
Botswana
10%
Dominica
10%
Ecuador
10%
Eritrea
10%
Estland
10%
Gabun
10%
Jemen
10%
Katar
10%
Kenia
10%
Kosovo
10%
Lettland
10%
Libyen
10%
Malaysia
10%
Malta
10%
Mauritius
10%
Myanmar
10%
Philippinen
10%
San Marino
10%
Senegal
10%
Somalia
10%
Trinidad und Tobago
10%
Armenien
7%
Äthiopien
7%
Benin
7%
Bulgarien
7%
Dschibuti
7%
Georgien
7%
Ghana
7%
Guatemala
7%
Kirgisistan
7%
Kolumbien
7%
Malawi
7%
Mali
7%
Marokko
7%
Mauretanien
7%
Mikronesien
7%
Nauru
7%
Peru
7%
Republik Kongo
7%
Rumänien
7%
Sambia
7%
Tonga
7%
Ungarn
7%
Vanuatu
7%
Bolivien
5%
Guinea-Bissau
5%
Honduras
5%
Kuba
5%
Lesotho
5%
Madagaskar
5%
Malediven
5%
Marshallinseln
5%
Mosambik
5%
Osttimor
5%
Pakistan
5%
Panama
5%
Paraguay
5%
São Tomé und Príncipe
5%
Sierra Leone
5%
Singapur
5%
Slowenien
5%
Togo
5%
Tunesien
5%
Zentralafrikanische Republik
5%
Zypern
5%
Albanien
2%
Bosnien und Herzegowina
2%
Dominikanische Republik
2%
Elfenbeinküste
2%
Fidschi
2%
Griechenland
2%
Komoren
2%
Kroatien
2%
Libanon
2%
Palau
2%
San Marino
2%
Tschad
2%
Uruguay
2%
Costa Rica
0%
Kap Verde
0%
Keine übereinstimmenden Quizze gefunden
Verteilung der Resultate
Anzahl Personen mit jedem Resultat
Perzentil nach korrekt beantworteten Fragen
Ihre Resultats-Entwicklung
Sie haben dieses Quiz noch nicht gespielt